| 000 | 00671nam a2200217Ia 4500 | ||
|---|---|---|---|
| 003 | IN-BaIIA | ||
| 008 | 211028s9999 xx 000 0 eng d | ||
| 020 | _a978-3-527-40994-5 | ||
| 040 | _cIIA Library | ||
| 080 |
_a523.98-78 _bSTE |
||
| 100 |
_aStepanov, A. V _935607 |
||
| 245 | 0 |
_aCoronal seismology _bwaves and oscillations in stellar coronae _cA. V. Stepanov, V. V. Zaitsev and V. M. Nakariakov |
|
| 260 |
_aWeinheim _bWiley-VCH Verlag Gmbh _c2012 |
||
| 300 | _ax, 221p. | ||
| 650 |
_aElectronics _91576 |
||
| 650 |
_aMagnetic Loobs _935608 |
||
| 650 |
_aMagnetics _927602 |
||
| 700 |
_aNakariakov, V. M _935609 |
||
| 700 |
_aZaitsev , V. V _914105 |
||
| 942 | _cBK | ||
| 999 |
_c18545 _d18545 |
||